The common law / (Record no. 428)
| 000 -LEADER | |
|---|---|
| fixed length control field | 01360cam a22002654a 4500 |
| 001 - CONTROL NUMBER | |
| control field | 15606316 |
| 003 - CONTROL NUMBER IDENTIFIER | |
| control field | OSt |
| 005 - DATE AND TIME OF LATEST TRANSACTION | |
| control field | 20140116120827.0 |
| 008 - FIXED-LENGTH DATA ELEMENTS--GENERAL INFORMATION | |
| fixed length control field | 090130s2009 mau b 001 0 eng |
| 010 ## - LIBRARY OF CONGRESS CONTROL NUMBER | |
| LC control number | 2009004438 |
| 020 ## - INTERNATIONAL STANDARD BOOK NUMBER | |
| International Standard Book Number | 9781605206424 |
| 040 ## - CATALOGING SOURCE | |
| Original cataloging agency | DLC |
| Transcribing agency | DLC |
| Modifying agency | DLC |
| 050 00 - LIBRARY OF CONGRESS CALL NUMBER | |
| Classification number | K588.H65 2009 |
| 100 1# - MAIN ENTRY--PERSONAL NAME | |
| Personal name | Holmes, Oliver Wendell |
| 245 14 - TITLE STATEMENT | |
| Title | The common law / |
| Statement of responsibility, etc | Oliver Wendell Holmes |
| 260 ## - PUBLICATION, DISTRIBUTION, ETC. (IMPRINT) | |
| Place of publication, distribution, etc | New York : |
| Name of publisher, distributor, etc | Cosimo Classics , |
| Date of publication, distribution, etc | 2009. |
| 300 ## - PHYSICAL DESCRIPTION | |
| Extent | xxxv, 422 p. |
| 490 0# - SERIES STATEMENT | |
| Series statement | The John Harvard library |
| 504 ## - BIBLIOGRAPHY, ETC. NOTE | |
| Bibliography, etc | Includes bibliographical references and index. |
| 505 0# - FORMATTED CONTENTS NOTE | |
| Formatted contents note | Lecture I. Early Forms of Liability -- Lecture II. The Criminal Law -- Lecture III. Torts : Trespass and Negligence -- Lecture IV. Fraud, Malice, and Intent : The Theory of Torts -- Lecture V. The Bailee at Common Law -- Lecture VI. Possession -- Lecture VII. Contract : I. History -- Lecture VIII. Contract : II. Elements -- Lecture IX. Contract : III. Void and Voidable -- Lecture X. Successions : I. After Death II. Inter Vivos -- Lecture XI. Successions : II. Inter Vivos. |
| 650 #0 - SUBJECT ADDED ENTRY--TOPICAL TERM | |
| Topical term or geographic name as entry element | Common law. |
| 906 ## - LOCAL DATA ELEMENT F, LDF (RLIN) | |
| a | 7 |
| b | cbc |
| c | orignew |
| d | 1 |
| e | ecip |
| f | 20 |
| g | y-gencatlg |
| 942 ## - ADDED ENTRY ELEMENTS (KOHA) | |
| Source of classification or shelving scheme | |
| Koha item type | Book |
| Withdrawn status | Lost status | Source of classification or shelving scheme | Damaged status | Not for loan | Home library | Current library | Date acquired | Source of acquisition | Total Checkouts | Full call number | Barcode | Date last seen | Date checked out | Copy number | Price effective from | Koha item type | Total Renewals |
|---|---|---|---|---|---|---|---|---|---|---|---|---|---|---|---|---|---|
| Riara University Library | Riara University Library | 19/10/2011 | Purchase | 2 | K588.H65 2009 | 773/11 | 17/07/2015 | 27/05/2015 | C.1 | 19/10/2011 | Book | ||||||
| Riara University Library | Riara University Library | 19/10/2011 | Purchase | 2 | K588.H65 2009 | 775/11 | 17/10/2022 | 03/10/2022 | C.2 | 19/10/2011 | Book | 1 | |||||
| Riara University Library | Riara University Library | 19/10/2011 | Purchase | 5 | K588.H65 2009 | 774/11 | 05/08/2015 | 17/07/2015 | C.3 | 19/10/2011 | Book |
